Bulletin ... Múzea obchodu Bratislava

Bibliographic Details
Other Authors: Kovalčíková, Mária, 1956- (Compiler), Kolesár, Zdeno, 1960- (fot), Patschová, Katarína (fot), Šilingerová, Oľga (fot), Štembera, Petr, 1945- (fot), Zemanová, Zuzana (fot)
Format: Journal
Language:Slovak
PhysicalDescription:zv. 21 cm
Published: Bratislava Múzeum obchodu 1990-[2002]
ISBN:8096694510
8096694529 (brož. : r. 2002)
Subjects:

MARC

LEADER 00000cas a2200000 a 4500
001 vtls001357230
003 SK-MaSNL
005 20260228155722.0
008 160415d19902002xo ar|p r 0yy0b0slo
015 |a SNBA1999/05-01932 
020 |a 8096694510 
020 |a 8096694529 (brož. : r. 2002) 
035 |a SNK000310723 
040 |a SNK  |b slo  |c SNK  |e AACR2 
041 0 |a slo  |b eng  |b ger 
044 |a xo  |c SK 
080 |a 069  |2 2011 
080 |a 050  |2 2001 
245 0 0 |a Bulletin ... Múzea obchodu Bratislava 
246 1 3 |a Bulletin 
260 |a Bratislava  |b Múzeum obchodu  |c 1990-[2002] 
300 |a zv.  |c 21 cm 
310 |a 1x ročne 
362 0 |a Roč. 1 (1990)-[2002]  |z PD401/2011 - BA001 
500 |a Do r. 1996 spracované ako monografia 
500 |a Názov vydavateľa od r. 1990 : Erp 
500 |a Fotogr. Zdeno Kolesár, Katarína Patschová, Oľga Šilingerová, Petr Štembera, Zuzana Zemanová 
504 |a Bibliogr. odkazy, zozn. reprod., pozn. 
546 |a Res. angl., nem. 
610 2 7 |a Múzeum obchodu (Bratislava, Slovensko)  |2 SNKKA  |9 31312 
650 0 7 |a múzeá  |2 SNKPH  |9 4119 
655 7 |a zborníky  |2 SNKPH  |9 70165 
700 1 |a Kovalčíková, Mária,  |d 1956-  |4 com  |9 250121 
700 1 |a Kolesár, Zdeno,  |d 1960-  |4 fot  |9 111340 
700 1 |a Patschová, Katarína  |4 fot  |9 46175 
700 1 |a Šilingerová, Oľga  |4 fot  |9 8225 
700 1 |a Štembera, Petr,  |d 1945-  |4 fot  |9 108908 
700 1 |a Zemanová, Zuzana  |4 fot  |9 11917 
850 |a Slovenská národná knižnica v Martine 
910 |a snk 
919 |a 80-966945-1-0 
919 |a 80-966945-2-9 
999 |c 312  |d 312 
952 |0 0  |1 0  |4 0  |7 1  |8 0  |a SNK  |b SNK  |d 2005-11-16  |i snk2005/19542  |l 0  |o snkČSD 1967/4/2002  |p 17A0477618  |r 2026-02-21 19:30:07  |w 2026-02-21  |y NEVYP 
952 |0 0  |1 0  |4 0  |7 0  |8 0  |a SNK  |b SNK  |d 2005-11-16  |i snk2005/19543  |l 0  |o snkČSD 1967/4/2002 D1  |p 17A0477619  |r 2026-02-21 20:07:04  |w 2026-02-21  |y PREZ 
952 |0 0  |1 0  |4 0  |7 0  |a SNK  |b SNK  |d 1999-03-11  |i snkKSP 2658/99  |l 0  |o snkČSD 1967/3/1996  |p 17A0190268  |r 2005-01-02 00:00:00  |w 2026-02-21  |y PREZ 
952 |0 0  |1 0  |4 0  |7 0  |a SNK  |b SNK  |d 1999-03-11  |i snkKSP 2659/99  |l 0  |o snkČSD 1967/3/1996 D1  |p 17A0183850  |r 2005-01-02 00:00:00  |w 2026-02-21  |y PREZ